Cumhuriyet Halk Partisi ve aile; Mesuliyet; Şifasız hastaların ölümünü kolaylaştırmak meselesine hukuki bir bakış; Zarara muvafakatin cezai neticeleri; İşletmeler ve Türkiyenin iktisadi kalkınmasında işletmelerimizin iktisadi vazifeleri (Kayıt no. 7278)

MARC ayrıntıları
000 -BAŞLIK
Sabit Uzunlukta Kontrol Alanı 02211na a2200481 4500
001 - KONTROL NUMARASI
Denetim Alanı 16379
003 - KONTROL NUMARASI IDENTIFIER
Denetim Alanı MIRAKIL
005 - SON İŞLEM TARİHİ VE ZAMANI
Denetim Alanı 20181213155133.0
008 - SABİT-BOY VERİ ELEMANLARI - GENEL BİLGİLER
Sabit Uzunlukta Kontrol Alanı 170213b tu 000 0
035 ## - SİSTEM KONTROL NUMARASI
Sistem Kontrol Numarası 16379
040 ## - KATALOGLAMA KAYNAK
Orijinal Kataloglama Ajansı Milas
Kataloglama Dili tur
Metne Dönüştürmek Ajansı TR-AnCHP
041 ## - DİL KODU
Metin / Ses Parça Veya Ayrı Başlığın Dil Kodu tur
082 ## - DEWEY ONLU SINIFLANDIRMA NUMARASI
Sınıflandırma Numarası CHP 324.217207
Ürün Numarası S38c 1939
090 ## - SINIFLAMA NUMARASI
Sınıflama Numarası CHP 324.217207 S38c 1939
100 ## - ANA GİRİŞ - KİŞİSEL İSİM
Kişisel Ad Seviğ, Vasfi Raşit
222 ## - ANAHTAR ADI
Anahtar Başlık Cumhuriyet Halk Partisi Konferansları
245 ## - BAŞLIK TABLOSU
Başlık Cumhuriyet Halk Partisi ve aile; Mesuliyet; Şifasız hastaların ölümünü kolaylaştırmak meselesine hukuki bir bakış; Zarara muvafakatin cezai neticeleri; İşletmeler ve Türkiyenin iktisadi kalkınmasında işletmelerimizin iktisadi vazifeleri
Sorumluluk Tablosu, Vb Vasfi Raşit Seviğ; Mustafa Raşit Belgesay; Hıfzı Veldet; İsmet Alkan
260 ## - YAYIN, DAĞITIM, VB
Yayın, Dağıtım, Vb Yeri [Ankara ]
Yayıncı, Dağıtıcı, Vs Adı CHP
Yayın, Dağıtım, Vb Tarihi 1939
Üretici Firma Recep Ulusoğlu Basımevi
300 ## - FİZİKSEL TANIM
Kapsam 62 s.
Boyutlar 23 sm.
440 ## - SERİSİ TABLOSU / KATMA GİRİŞİ - BAŞLIK
Başlık C.H.P.
Bir İşin Parçası / Bölümün İsmi Konferanslar serisi
Hacim / Ardışık Tanımı 10
500 ## - GENEL NOT
Genel Not Halk Evlerinde verilen konferans metinleridir.
500 ## - GENEL NOT
Genel Not Yapıt, yazarların konferans konuşmalarını içermektedir
505 ## - BİÇİMLENDİRİLDİ İÇİNDEKİLER NOT
Biçimlendirilmiş İçeriği Dikkat Cumhuriyet Halk Partisi ve aile/ Vasfi Raşit Seviğ; Mesuliyet/ Mustafa Raşit Belgesay; Şifasız hastaların ölümünü kolaylaştırmak meselesine hukuki bir bakış; Zarara muvafakatin cezai neticeleri/Hıfzı Veldet; İşletmeler ve Türkiyenin iktisadi kalkınmasında işletmelerimizin iktisadi vazifeleri/ İsmet Alkan
610 ## - KONU KATMA GİRİŞ - TOPLANTI ADI
Giriş Elemanı Olarak Kurumsal Ad Veya Yargı Alanı Adı Halkevleri
610 ## - KONU KATMA GİRİŞ - TOPLANTI ADI
Giriş Elemanı Olarak Kurumsal Ad Veya Yargı Alanı Adı Cumhuriyet Halk Partisi (CHP)
Genel Alt Bölüm Konferanslar ve seminerler
650 ## - KONU KATMA GİRİŞ - TOPİKAL DÖNEM
Topikal Süreli Veya Coğrafi Ad Giriş Elemanı Ekonomik kalkınma
650 ## - KONU KATMA GİRİŞ - TOPİKAL DÖNEM
Topikal Süreli Veya Coğrafi Ad Giriş Elemanı Ceza kanunu
650 ## - KONU KATMA GİRİŞ - TOPİKAL DÖNEM
Topikal Süreli Veya Coğrafi Ad Giriş Elemanı Ötenazi
650 ## - KONU KATMA GİRİŞ - TOPİKAL DÖNEM
Topikal Süreli Veya Coğrafi Ad Giriş Elemanı Hukuk
650 ## - KONU KATMA GİRİŞ - TOPİKAL DÖNEM
Topikal Süreli Veya Coğrafi Ad Giriş Elemanı Cumhuriyet Halk Partisi
700 ## - KATMA GİRİŞ - KİŞİSEL İSİM
Kişisel Ad Alkan, İsmet
700 ## - KATMA GİRİŞ - KİŞİSEL İSİM
Kişisel Ad Veldet, Hıfzı
700 ## - KATMA GİRİŞ - KİŞİSEL İSİM
Kişisel Ad Belgesay, Mustafa Raşit
740 ## - KATMA GİRİŞ - KONTROLSUZ İLGİLİ / ANALİTİK BAŞLIK
Kontrol Edilmeyen / İlgili Analitik Başlıktaki İşletmeler ve Türkiyenin iktisadi kalkınmasında işletmelerimizin iktisadi vazifeleri
740 ## - KATMA GİRİŞ - KONTROLSUZ İLGİLİ / ANALİTİK BAŞLIK
Kontrol Edilmeyen / İlgili Analitik Başlıktaki Zarara muvafakatin cezai neticeleri
740 ## - KATMA GİRİŞ - KONTROLSUZ İLGİLİ / ANALİTİK BAŞLIK
Kontrol Edilmeyen / İlgili Analitik Başlıktaki Şifasız hastaların ölümünü kolaylaştırmak meselesine hukuki bir bakış
740 ## - KATMA GİRİŞ - KONTROLSUZ İLGİLİ / ANALİTİK BAŞLIK
Kontrol Edilmeyen / İlgili Analitik Başlıktaki Mesuliyet
740 ## - KATMA GİRİŞ - KONTROLSUZ İLGİLİ / ANALİTİK BAŞLIK
Kontrol Edilmeyen / İlgili Analitik Başlıktaki Cümhuriyet Halk Partisi ve aile
830 ## - SERİSİ EKLENDİ GİRİŞ - ÜNİFORM ADI
Üniforma Başlık CHP Yayınları
942 ## - EKLENDİ GİRİŞ ELEMANLARI (KOHA)
Sınıflandırma Veya Raf Düzeni Kaynak Dewey Decimal Classification
Koha Öğesi Türü Kitaplar
999 ## - SİSTEM KONTROL NUMARALARI (KOHA)
Koha Biblionumber 7278
Koha Biblioitemnumber 7278
657 ## - INDEX SÜRE - İŞLEVİ
-- Halk Evleri
657 ## - INDEX SÜRE - İŞLEVİ
-- CHP konferansları
Mevcut
Kalıcı Konum Mevcut Konum Edinme Tarihi Edinim Kaynak Toplam Check-Out'Lar Tam Çağrı Numarası Barkod Tarih Son Görülme Kopya Sayısı İtibaren Geçerli Fiyatlar Koha Öğesi Türü
CHP Kütüphanesi CHP Kütüphanesi 10/04/2016 Bağış   CHP 324.217207 S38c 1939 004364 10/04/2016 k.3 10/04/2016 Kitaplar
CHP Kütüphanesi CHP Kütüphanesi 10/04/2016 Bağış   CHP 324.217207 S38c 1939 004365 10/04/2016   10/04/2016 Kitaplar
CHP Kütüphanesi CHP Kütüphanesi 10/04/2016 Bağış   CHP 324.217207 S38c 1939 004366 10/04/2016 k.2 10/04/2016 Kitaplar